Alle Sachsenpokal Sieger - Statistiken

Allgemein
  • Dieses Quiz wurde 51 mal gespielt
  • Das Durchschnittsergebnis liegt bei 26 aus 34
Antwortstatistiken
Hint Antwort % Korrekt
2002/03 1. FC Dynamo Dresden
98%
2006/07 1. FC Dynamo Dresden
98%
2023/24 SG Dynamo Dresden
98%
2008/09 SG Dynamo Dresden II
98%
2010/11 RB Leipzig
92%
2012/13 RB Leipzig
92%
1996/97 Chemnitzer FC
90%
1997/98 Chemnitzer FC
90%
2005/06 Chemnitzer FC
90%
2007/08 Chemnitzer FC
90%
2009/10 Chemnitzer FC
90%
2011/12 Chemnitzer FC
90%
2013/14 Chemnitzer FC
90%
2014/15 Chemnitzer FC
90%
2016/17 Chemnitzer FC
90%
2018/19 Chemnitzer FC
90%
2019/20 Chemnitzer FC
90%
2021/22 Chemnitzer FC
90%
1999/00 FC Erzgebirge Aue
88%
2000/01 FC Erzgebirge Aue
88%
2001/02 FC Erzgebirge Aue
88%
2015/16 FC Erzgebirge Aue
88%
2020/21 1. FC Lokomotive Leipzig
82%
2022/23 1. FC Lokomotive Leipzig
82%
2017/18 BSG Chemie Leipzig
76%
1998/99 VFC Plauen
55%
2003/04 VFC Plauen
55%
1995/96 VfB Leipzig II
51%
1991/92 Bischofswerdaer FV 08
33%
1992/93 FC Sachsen Leipzig
29%
1993/94 FC Sachsen Leipzig
29%
1994/95 FC Sachsen Leipzig
29%
2004/05 FC Sachsen Leipzig
29%
1990/91 SpVgg Zschopau
12%
Keine übereinstimmenden Quizze gefunden
Verteilung der Resultate
Anzahl Personen mit jedem Resultat
Perzentil nach korrekt beantworteten Fragen
Ihre Resultats-Entwicklung
Sie haben dieses Quiz noch nicht gespielt